C++ for Java Programmers

Wedi'i Gadw mewn:
Manylion Llyfryddiaeth
Prif Awdur: Weiss, Mark Allen
Fformat: Llyfr
Iaith:Undetermined
Cyhoeddwyd: Upper Saddle River, NJ. Pearson / Prentice Hall 2004
Pynciau:
Tagiau: Ychwanegu Tag
Dim Tagiau, Byddwch y cyntaf i dagio'r cofnod hwn!
Thư viện lưu trữ: Trung tâm Học liệu Trường Đại học Cần Thơ
LEADER 00572nam a2200193Ia 4500
001 CTU_81240
008 210402s9999 xx 000 0 und d
020 |c 24.00 
082 |a 005.133 
082 |b W429 
100 |a Weiss, Mark Allen 
245 0 |a C++ for Java Programmers 
245 0 |c Mark Allen Weiss 
260 |a Upper Saddle River, NJ. 
260 |b Pearson / Prentice Hall 
260 |c 2004 
650 |a C++ ( computer program language ),Java ( computer program language ) 
904 |i Minh,Hải 
980 |a Trung tâm Học liệu Trường Đại học Cần Thơ